000 00429nam a2200169Ia 4500
003 GBCCL
005 20251201141033.0
008 180702b ||||| |||| 00| 0 eng d
020 _a8122107295
040 _cGB
082 _aVER 220.5954
_bHMA 1
245 _aPathien Lekhabu Inthieng
260 _c2003.
_aBangalore:
_bBible Society of India,
300 _a1106, 392p.
650 _aBible
_vHmar
_912299
942 _eHMAR
_2ddc
_cREF
999 _c6880
_d6880